|
|
|
|
| LEADER |
00000nab a2200000 a 4500 |
| 001 |
vtls000246000 |
| 003 |
SK-MaSNL |
| 005 |
20260304211310.0 |
| 008 |
220422c1986 xo 0 slo |
| 015 |
|
|
|a SNBRB19rr/mm-uuuuu
|
| 035 |
|
|
|a CL0256114
|
| 040 |
|
|
|a SNKBUCL
|b slo
|c SNKBUCL
|e AACR2
|
| 041 |
0 |
|
|a slo
|
| 044 |
|
|
|a xo
|c SK
|
| 080 |
|
|
|a 616.37-001.1-053.2-07-089
|2 1981
|
| 245 |
0 |
0 |
|a Poranenie pankreasu u detí ; F. Zavarský, J. Slameň, V. Straka, M. Dragula, A. Mikolajčík
|
| 300 |
|
|
|b Obr. 3. Res. rus., angl., lit. 20 zázn. v slov., češ., angl., ruš.
|
| 650 |
0 |
7 |
|a pankreas
|2 snkbucl
|9 18643
|
| 650 |
0 |
7 |
|a poranenie pankreasu
|2 snkbucl
|9 1543343
|
| 655 |
|
7 |
|a články z novín a časopisov
|2 snkbucl
|9 267496
|
| 700 |
1 |
|
|a Zavarský, F.
|4 aut
|9 1120829
|
| 700 |
1 |
|
|a Slameň, J.
|4 aut
|9 931442
|
| 700 |
1 |
|
|a Straka, V.
|4 aut
|9 423550
|
| 700 |
1 |
|
|a Dragula, Milan,
|d 1948-
|4 aut
|9 200651
|
| 700 |
1 |
|
|a Mikolajčík, Anton,
|d 1953-
|4 aut
|9 196155
|
| 773 |
0 |
|
|t Rozhledy v chirurgii
|g Roč. 65, č. 3 (1986), s. 191-197
|
| 850 |
|
|
|a Slovenská národná knižnica v Martine
|a MTA001
|
| 852 |
|
|
|a SNK
|b KIS3GCP
|
| 958 |
|
|
|a NB
|
| 958 |
|
|
|a RK
|
| 958 |
|
|
|a ME
|
| 992 |
|
|
|a RBX
|
| 999 |
|
|
|c 3129003
|d 3130933
|